| 000 | 004000000a22001690004500 | ||
|---|---|---|---|
| 003 | MACL | ||
| 005 | 20160105172750.0 | ||
| 008 | 160105b xxu||||| |||| 00| 0 eng d | ||
| 040 |
_aMACL _cMACL |
||
| 041 | _aEnglish | ||
| 082 | _a823/SMI | ||
| 100 |
_aSmith, Wilbur _928347 |
||
| 245 | _aThe eye of the Tiger | ||
| 260 |
_bMcmillan _aMadras |
||
| 650 |
_aFiction _928348 |
||
| 942 |
_cBK _k823/Smi _2ddc |
||
| 999 |
_c33981 _d33981 |
||